000 02565nam0a2200337 4500
001 RU\NLR\BIBL_A\012080726
005 20260419102714.0
010 _a978-5-6042188-6-0
_9100
021 _aRU
_bКН-П-19-052768
_9КН-П-19-3810
035 _a(NLR Aleph) 012080726
035 _a(RuMoRGB)010041605
090 _a13658255
_c13658255
100 _a20190823d2019 k y0rusy50 ca
101 0 _arus
102 _aRU
105 _aa|||j|||000zy
200 1 _aЛинейные и нелинейные уравнения физики. Специальные функции
_eучебное пособие для обучающихся по основной образовательной программа высшего образования по направлению подготовки 03.03.02 "Физика"
_fА. В. Горохов, А. А. Крутов, А. Ф. Крутов
_gМинистерство науки и высшего образования Российской Федерации, Федеральное государственное автономное образовательное учреждение высшего образования "Самарский национальный исследовательский университет имени академика С. П. Королева" (Самарский университет), Естественнонаучный институт, Кафедра общей и теоретической физики
210 _aСамара
_cЦентр научных исследований и консалтинга
_d2019
215 _a94 с.
_cил.
_d20
320 _aБиблиогр.: с. 94 (13 назв.)
606 1 _aСпециальные функции
_jУчебные издания для высших учебных заведений
_xПрименение в математической физике
_91553620
_3RU\NLR\AUTH\66678747
606 1 _aМатематическая физика
_jУчебные издания для высших учебных заведений
_xКраевые задачи
_xРешение
_92166412
_3RU\NLR\AUTH\661303473
686 1 _aВ311я73-1
700 1 _aГорохов
_bА. В.
_gАлександр Викторович
701 1 _aКрутов
_bА. А.
_gАндрей Александрович
701 1 _aКрутов
_bА. Ф.
_gАлександр Федорович
942 _cBOOK
980 _aNBR
980 _aNB